مكتبة جامعة عجلون الوطنية

فهرس بحث المكتبة

Normal view MARC view
  • الشعر الجاهلي-تاريخ-نقد-شعر-الشعر الجاهلي خصائصة وفنونه

Entry Topical Term

Number of records used in: 1

001 - CONTROL NUMBER

  • control field: 26331

003 - CONTROL NUMBER IDENTIFIER

  • control field: JO-AjAnu

005 - DATE AND TIME OF LATEST TRANSACTION

  • control field: 20230606074504.0

008 - FIXED-LENGTH DATA ELEMENTS

  • fixed length control field: 230606|| aca||aabn | a|a d

040 ## - CATALOGING SOURCE

  • Original cataloging agency: JO-AjAnu
  • Transcribing agency: JO-AjAnu

150 ## - HEADING--TOPICAL TERM

  • Topical term or geographic name entry element: الشعر الجاهلي-تاريخ-نقد-شعر-الشعر الجاهلي خصائصة وفنونه

670 ## - SOURCE DATA FOUND

  • Source citation: Work cat.: (JO-AjAnu)13531: الجبوري،يحيى, author 26330, الشعر الجاهلي خصائصة وفنونه